000 00311 a2200157 4500
001 162229
020 _a85-259-0032-X
040 _cMagnum
100 _aGuimarĂ£es, Marcia Meyer
240 1 0 _aIara
_lpor
245 1 0 _aIara
300 _a12
362 0 _a1990
697 _aLITERATURA INFANTO
942 _cBK
999 _c162229
_d162229